Wedlock /

The Mahmoodis live in an old large house, having traditional values and beliefs. They have decided to renovate the building. Mrs Mahmoodi's niece arrives with her architect husband to take care of the renovation. Conflicts about renovating the house expand to their relations and connections. It...

Full description

Bibliographic Details
Other Authors: Ḥijāzī, Sayyid Rūḥ Allāh, 1979 or 1980- (Director), Davari, Mehdi (Producer), Talebabadi, Ali (Screenwriter)
Format: Video
Language:Persian
Language Notes:In Persian with English subtitles.
Published: Iran : Iranian Independents, 2013.
Series:Academic Video Online
Subjects:
Online Access:Connect to this streaming video (Alexander Street Press)

MARC

Tag First Indicator Second Indicator Subfields
LEADER 00000cgm a2200000 i 4500
001 in00005586021
006 m o c
007 cr |n||||||||a
007 vz |za|z|
008 170821s2013 ir 082 e o vlper d
005 20241201233019.5
035 |a (OCoLC)on1003465153 
040 |a ALSTP  |b eng  |e rda  |e pn  |c ALSTP  |d OCLCF  |d UPM  |d OCLCO  |d OCLCQ  |d OCLCO  |d CAUOI  |d NOC  |d WYU  |d S9I  |d OCLCA  |d OCLCO  |d OCLCL  |d OCLCQ  |d DXU 
019 |a 1373522631  |a 1443950086 
035 |a (OCoLC)1003465153  |z (OCoLC)1373522631  |z (OCoLC)1443950086 
041 0 |a per  |j eng 
043 |a a-ir--- 
049 |a TXAM 
245 0 0 |a Wedlock /  |c [script, Ali Talebabadi] ; [producer, Mehdi Davari] ; [director, Seyed Rouhollah Hejazi]. 
264 1 |a Iran :  |b Iranian Independents,  |c 2013. 
300 |a 1 online resource (82 min.) 
306 |a 012203 
336 |a two-dimensional moving image  |b tdi  |2 rdacontent 
337 |a computer  |b c  |2 rdamedia 
337 |a video  |b v  |2 rdamedia 
338 |a online resource  |b cr  |2 rdacarrier 
347 |a data file  |2 rda 
380 |a Videorecording 
490 0 |a Academic Video Online 
500 |a Title from resource description page (viewed August 21, 2017). 
511 1 |a Hamid Farokhnejad, Hengameh Ghaziani, Taraneh Alidossti, Peiman Ghasemkhani, Tarlan Parvaneh. 
520 |a The Mahmoodis live in an old large house, having traditional values and beliefs. They have decided to renovate the building. Mrs Mahmoodi's niece arrives with her architect husband to take care of the renovation. Conflicts about renovating the house expand to their relations and connections. It is gradually revealed that the people in the house are torn between traditional and modern viewpoints and so are the guests. 
546 |a In Persian with English subtitles. 
650 0 |a Man-woman relationships  |z Iran  |v Drama. 
650 0 |a Dwellings  |x Remodeling  |v Drama. 
650 0 |a Families  |z Iran  |v Drama. 
650 0 |a Women  |z Iran  |x Social conditions. 
650 6 |a Femmes  |z Iran  |x Conditions sociales. 
650 7 |a Dwellings  |x Remodeling.  |2 fast  |0 (OCoLC)fst00900158 
650 7 |a Families.  |2 fast  |0 (OCoLC)fst01728849 
650 7 |a Man-woman relationships.  |2 fast  |0 (OCoLC)fst01007080 
650 7 |a Women  |x Social conditions.  |2 fast  |0 (OCoLC)fst01176947 
651 7 |a Iran.  |2 fast  |0 (OCoLC)fst01204889  |1 https://id.oclc.org/worldcat/entity/E39PBJtrYvcVTwChrDqytBvJXd 
655 7 |a Drama.  |2 fast  |0 (OCoLC)fst01423879 
655 7 |a Feature films.  |2 fast  |0 (OCoLC)fst01710384 
655 7 |a Fiction films.  |2 fast  |0 (OCoLC)fst01710264 
655 7 |a Feature films.  |2 lcgft 
655 7 |a Fiction films.  |2 lcgft 
655 7 |a Films de fiction.  |2 rvmgf 
700 1 |a Ḥijāzī, Sayyid Rūḥ Allāh,  |d 1979 or 1980-  |e director.  |1 https://id.oclc.org/worldcat/entity/E39PCjwgB8hWDG4Dbfx9f67Mbm 
700 1 |a Davari, Mehdi,  |e producer. 
700 1 |a Talebabadi, Ali,  |e screenwriter. 
758 |i has work:  |a Wedlock (MovingImage)  |1 https://id.oclc.org/worldcat/entity/E39PCGBRDQ6vG6qCCHtChxJcvb  |4 https://id.oclc.org/worldcat/ontology/hasWork 
856 4 0 |u http://proxy.library.tamu.edu/login?url=https://www.aspresolver.com/aspresolver.asp?MARC;3590585  |z Connect to this streaming video (Alexander Street Press)  |t 0 
955 |a Alexander Street Press subscription streaming video 
994 |a 92  |b TXA 
999 f f |s 96e84056-7f57-4471-af2f-71d1cebcfbd0  |i ea5ddebb-776e-4e62-99c9-b75704defdd0  |t 0 
952 f f |a Texas A&M University  |b College Station  |c Electronic Resources  |d Available Online  |t 0  |h Library of Congress classification 
998 f f |t 0  |l Available Online